| Tag |
First Indicator |
Second Indicator |
Subfields |
| LEADER |
00000cam a2200000 a 4500 |
| 001 |
in00005736613 |
| 005 |
20260326160929.7 |
| 006 |
m o d |
| 007 |
cr cn||||||||| |
| 008 |
090320s1994 ne a ob 001 0 eng d |
| 010 |
|
|
|z 94027696
|
| 040 |
|
|
|a OPELS
|b eng
|e pn
|c OPELS
|d OPELS
|d OCLCQ
|d OCLCF
|d OCLCO
|d OCLCE
|d E7B
|d YDXCP
|d OCLCQ
|d DEBSZ
|d UAB
|d OCLCQ
|d LEAUB
|d UK7LJ
|d VLY
|d LUN
|d OCLCQ
|d OCLCO
|d OCLCQ
|d OCLCO
|d OCLCL
|d OCLCQ
|d COA
|d OCLCL
|d OCLCQ
|d OCLCO
|
| 019 |
|
|
|a 300625474
|a 624787558
|a 648298462
|a 987745414
|a 1039704754
|a 1086507082
|a 1162025953
|a 1340094670
|a 1472556063
|
| 020 |
|
|
|a 9780444888914
|
| 020 |
|
|
|a 0444888918
|
| 020 |
|
|
|z 9780444522122
|
| 024 |
8 |
|
|a (WaSeSS)ssj0000725901
|
| 035 |
|
|
|a (OCoLC)316553046
|z (OCoLC)300625474
|z (OCoLC)624787558
|z (OCoLC)648298462
|z (OCoLC)987745414
|z (OCoLC)1039704754
|z (OCoLC)1086507082
|z (OCoLC)1162025953
|z (OCoLC)1340094670
|z (OCoLC)1472556063
|
| 037 |
|
|
|a 125603:124949
|b Elsevier Science & Technology
|n http://www.sciencedirect.com
|
| 042 |
|
|
|a dlr
|
| 050 |
|
4 |
|a QD505
|b .S615 1994eb
|
| 082 |
0 |
4 |
|a 541.3/93
|2 22
|
| 084 |
|
|
|a 35.17
|2 bcl
|
| 084 |
|
|
|a CHE 163f
|2 stub
|
| 084 |
|
|
|a CHE 167f
|2 stub
|
| 084 |
|
|
|a VE 7040
|2 rvk
|
| 049 |
|
|
|a TXAM
|
| 100 |
1 |
|
|a Slin'ko, Marina M.
|
| 245 |
1 |
0 |
|a Oscillating heterogeneous catalytic systems /
|c Marina M. Slin'ko and Nils I. Jaeger.
|
| 260 |
|
|
|a Amsterdam ;
|a New York :
|b Elsevier,
|c 1994.
|
| 300 |
|
|
|a 1 online resource (xiii, 393 pages) :
|b illustrations
|
| 336 |
|
|
|a text
|b txt
|2 rdacontent
|
| 337 |
|
|
|a computer
|b c
|2 rdamedia
|
| 338 |
|
|
|a online resource
|b cr
|2 rdacarrier
|
| 347 |
|
|
|a text file
|2 rdaft
|0 http://rdaregistry.info/termList/fileType/1002.
|
| 490 |
1 |
|
|a Studies in surface science and catalysis ;
|v 86
|
| 520 |
|
|
|a The aim of this volume is to present the state-of-the-art in experimental and theoretical investigation of oscillating heterogeneous catalytic systems after over 20 years of intense research in the field. The authors demonstrate how the application of modern experimental techniques and the analysis and modelling of self-sustained oscillations and spatial patterns have provided and will continue to provide new and deep insights into the mechanisms of heterogeneous catalytic reactions. The book will acquaint the reader with mathematical concepts, methods and tools needed for the analysis and the interpretation of the observed complex phenomena which in turn have much in common with dynamical systems studied in related fields such as technology, physics and biology.
|
| 504 |
|
|
|a Includes bibliographical references and index.
|
| 588 |
0 |
|
|a Print version record.
|
| 538 |
|
|
|a Master and use copy. Digital master created according to Benchmark for Faithful Digital Reproductions of Monographs and Serials, Version 1. Digital Library Federation, December 2002.
|u http://purl.oclc.org/DLF/benchrepro0212
|5 MiAaHDL
|
| 583 |
1 |
|
|a digitized
|c 2010
|h HathiTrust Digital Library
|l committed to preserve
|2 pda
|5 MiAaHDL
|
| 546 |
|
|
|a English.
|
| 505 |
0 |
|
|a 1. Physicochemical basis for the appearance of self-sustained oscillations in heterogeneous catalytic systems -- 2. Mathematical basis of the theory of nonlinear dynamic systems -- 3. Oscillatory behaviour in the oxidation of CO -- 4. Oscillatory behaviour in different heterogeneous catalytic reactions -- 5. Spatiotemporal structures in heterogeneous catalytic systems -- 6. Mechanisms of coupling between local oscillators at different levels of heterogeneous catalytic systems -- 7. Chaos at different levels of heterogeneous catalytic systems -- 8. Mathematical models of different types of oscillations in heterogeneous catalytic systems.
|
| 650 |
|
0 |
|a Heterogeneous catalysis.
|
| 650 |
|
0 |
|a Oscillating chemical reactions.
|
| 650 |
|
6 |
|a Catalyse hétérogène.
|
| 650 |
|
6 |
|a Réactions chimiques périodiques.
|
| 650 |
|
7 |
|a Heterogeneous catalysis
|2 fast
|
| 650 |
|
7 |
|a Oscillating chemical reactions
|2 fast
|
| 650 |
|
7 |
|a Heterogene Katalyse
|2 gnd
|
| 650 |
|
7 |
|a Oszillierende Reaktion
|2 gnd
|
| 650 |
1 |
7 |
|a Katalyse.
|2 gtt
|
| 650 |
|
7 |
|a Catalyse hétérogène.
|2 ram
|
| 650 |
|
7 |
|a Réactions chimiques périodiques.
|2 ram
|
| 653 |
0 |
|
|a Catalysis
|
| 655 |
|
7 |
|a Electronic books.
|2 local
|
| 700 |
1 |
|
|a Jaeger, N. I.
|q (Nils I.),
|d 1936-
|1 https://id.oclc.org/worldcat/entity/E39PCjJ8xRCtrbCC8CWGgqqTQC
|
| 710 |
2 |
|
|a ScienceDirect (Online service)
|
| 776 |
0 |
8 |
|i Print version:
|a Slin'ko, Marina M.
|t Oscillating heterogeneous catalytic systems.
|d Amsterdam ; New York : Elsevier, 1994
|z 0444888918
|z 9780444888914
|w (DLC) 94027696
|w (OCoLC)30733844
|
| 776 |
1 |
|
|c Original
|w (DLC) 94027696
|w (OCoLC)30733844
|
| 830 |
|
0 |
|a Studies in surface science and catalysis ;
|v 86.
|
| 856 |
4 |
0 |
|u http://proxy.library.tamu.edu/login?url=https://www.sciencedirect.com/science/bookseries/01672991/86
|z Connect to the full text of this electronic book
|t 0
|
| 955 |
|
|
|a Elsevier ScienceDirect 2026-2027
|
| 994 |
|
|
|a 92
|b TXA
|
| 999 |
f |
f |
|i 05c271de-536c-4a62-9c5d-e0e79dcad322
|s c91c6ada-1e3e-4290-8b1d-b56a44922cf5
|t 0
|
| 952 |
f |
f |
|a Texas A&M University
|b College Station
|c Electronic Resources
|s www_evans
|d Available Online
|t 0
|e QD505 .S615 1994eb
|h Library of Congress classification
|
| 998 |
f |
f |
|a QD505 .S615 1994eb
|t 0
|l Available Online
|